<?xml version="1.0" encoding="UTF-8"?>
<collection xmlns="http://www.loc.gov/MARC21/slim">
<record>
  <controlfield tag="001">99793</controlfield>
  <controlfield tag="005">20230519145413.0</controlfield>
  <datafield tag="024" ind1="7" ind2=" ">
    <subfield code="2">doi</subfield>
    <subfield code="a">10.1139/cjc-2020-0061</subfield>
  </datafield>
  <datafield tag="024" ind1="8" ind2=" ">
    <subfield code="2">sideral</subfield>
    <subfield code="a">123358</subfield>
  </datafield>
  <datafield tag="037" ind1=" " ind2=" ">
    <subfield code="a">ART-2021-123358</subfield>
  </datafield>
  <datafield tag="041" ind1=" " ind2=" ">
    <subfield code="a">eng</subfield>
  </datafield>
  <datafield tag="100" ind1=" " ind2=" ">
    <subfield code="a">Curto, S.G.</subfield>
  </datafield>
  <datafield tag="245" ind1=" " ind2=" ">
    <subfield code="a">Reactions of pop-pincer rhodium(I)-aryl complexes with small molecules: Coordination flexibility of the ether diphosphine</subfield>
  </datafield>
  <datafield tag="260" ind1=" " ind2=" ">
    <subfield code="c">2021</subfield>
  </datafield>
  <datafield tag="506" ind1="0" ind2=" ">
    <subfield code="a">Access copy available to the general public</subfield>
    <subfield code="f">Unrestricted</subfield>
  </datafield>
  <datafield tag="520" ind1="3" ind2=" ">
    <subfield code="a">Reactions of the aryl complexes Rh(aryl){3-P, O, P-[xant(PiPr2)2]} (1; aryl = 3, 5-Me2C6H3 (a), C6H5 (b), 3, 5-Cl2C6H3 (c), 3-FC6H4 (d); xant(PiPr2)2 = 9, 9-dimethyl-4, 5-bis-(diisopropylphosphino)xanthene) with O2, CO, and MeO2CC''CCO2Me have been performed. Under 1 atm of O2, the pentane solutions of complexes 1 afford the dinuclear peroxide derivatives [Rh(aryl){2-P, P-xant(PiPr2)2}]2(-O2)2 (2a–2d) as yellow solids. In solution, these species are unstable. In dichloromethane, at room temperature, they are transformed into the dioxygen adducts Rh(aryl)(2-O2){3-P, O, P-[xant(PiPr2)2]} (3a–3d), as a result of the rupture of the double peroxide bridge and the reduction of the metal center. Complex 3b decomposes in benzene, at 50 °C, to give diphosphine oxide, phenol, and biphenyl. Complexes 1 react with CO to give the square-planar mono carbonyl derivatives Rh(aryl)(CO){2-P, P-[xant(PiPr2)2]} (4a–4d), which under carbon monoxide atmosphere evolve to benzoyl species Rh{C(O)aryl}(CO){2-P, P-[xant(PiPr2)2]} (5a–5d), resulting from the migratory insertion of CO into the Rh-aryl bond and the coordination of a second CO molecule. The transformation is reversible; under vacuum, complexes 5 regenerate the precursors 4. The addition of the activated alkyne to complexes 1b and 1d initially leads to the alkyne intermediates Rh(aryl){2-C(CO2Me)''C(CO2Me)}{3-P, O, P-[xant(PiPr2)2]} (6b, 6d), which evolve to the alkenyl derivatives Rh{(E)-C(CO2Me)=C(CO2Me)aryl}{3-P, O, P-[xant(PiPr2)2]} (7b, 7d). The diphosphine adapts its coordination mode to the stability requirements of the different complexes, coordinating cis-2-P, P in complexes 2, fac-3-P, O, P in compounds 3, trans-2-P, P in the mono carbonyl derivatives 4 and 5, and mer-3-P, O, P in products 6 and 7.</subfield>
  </datafield>
  <datafield tag="536" ind1=" " ind2=" ">
    <subfield code="9">info:eu-repo/grantAgreement/ES/DGA/E06-17R</subfield>
    <subfield code="9">info:eu-repo/grantAgreement/ES/DGA/LMP148-18</subfield>
    <subfield code="9">info:eu-repo/grantAgreement/ES/MECD/FPU17-04813</subfield>
    <subfield code="9">info:eu-repo/grantAgreement/ES/MINECO-AEI-FEDER/CTQ2017-82935-P</subfield>
  </datafield>
  <datafield tag="540" ind1=" " ind2=" ">
    <subfield code="9">info:eu-repo/semantics/openAccess</subfield>
    <subfield code="a">All rights reserved</subfield>
    <subfield code="u">http://www.europeana.eu/rights/rr-f/</subfield>
  </datafield>
  <datafield tag="590" ind1=" " ind2=" ">
    <subfield code="a">1.051</subfield>
    <subfield code="b">2021</subfield>
  </datafield>
  <datafield tag="591" ind1=" " ind2=" ">
    <subfield code="a">CHEMISTRY, MULTIDISCIPLINARY</subfield>
    <subfield code="b">155 / 180 = 0.861</subfield>
    <subfield code="c">2021</subfield>
    <subfield code="d">Q4</subfield>
    <subfield code="e">T3</subfield>
  </datafield>
  <datafield tag="592" ind1=" " ind2=" ">
    <subfield code="a">0.253</subfield>
    <subfield code="b">2021</subfield>
  </datafield>
  <datafield tag="593" ind1=" " ind2=" ">
    <subfield code="a">Chemistry (miscellaneous)</subfield>
    <subfield code="c">2021</subfield>
    <subfield code="d">Q3</subfield>
  </datafield>
  <datafield tag="593" ind1=" " ind2=" ">
    <subfield code="a">Catalysis</subfield>
    <subfield code="c">2021</subfield>
    <subfield code="d">Q3</subfield>
  </datafield>
  <datafield tag="594" ind1=" " ind2=" ">
    <subfield code="a">1.9</subfield>
    <subfield code="b">2021</subfield>
  </datafield>
  <datafield tag="655" ind1=" " ind2="4">
    <subfield code="a">info:eu-repo/semantics/article</subfield>
    <subfield code="v">info:eu-repo/semantics/acceptedVersion</subfield>
  </datafield>
  <datafield tag="700" ind1=" " ind2=" ">
    <subfield code="a">de las Heras, L.A.</subfield>
    <subfield code="0">(orcid)0000-0001-9491-7167</subfield>
  </datafield>
  <datafield tag="700" ind1=" " ind2=" ">
    <subfield code="a">Esteruelas, M.A.</subfield>
    <subfield code="0">(orcid)0000-0002-4829-7590</subfield>
  </datafield>
  <datafield tag="700" ind1=" " ind2=" ">
    <subfield code="a">Oliván, M.</subfield>
    <subfield code="0">(orcid)0000-0003-0381-0917</subfield>
  </datafield>
  <datafield tag="700" ind1=" " ind2=" ">
    <subfield code="a">Oñate, E.</subfield>
    <subfield code="0">(orcid)0000-0003-2094-719X</subfield>
  </datafield>
  <datafield tag="700" ind1=" " ind2=" ">
    <subfield code="a">Vélez, A.</subfield>
    <subfield code="u">Universidad de Zaragoza</subfield>
    <subfield code="0">(orcid)0000-0003-1974-5507</subfield>
  </datafield>
  <datafield tag="710" ind1="2" ind2=" ">
    <subfield code="1">2010</subfield>
    <subfield code="2">760</subfield>
    <subfield code="a">Universidad de Zaragoza</subfield>
    <subfield code="b">Dpto. Química Inorgánica</subfield>
    <subfield code="c">Área Química Inorgánica</subfield>
  </datafield>
  <datafield tag="773" ind1=" " ind2=" ">
    <subfield code="g">99, 2 (2021), 127-136</subfield>
    <subfield code="p">Can. j. chem.</subfield>
    <subfield code="t">CANADIAN JOURNAL OF CHEMISTRY-REVUE CANADIENNE DE CHIMIE</subfield>
    <subfield code="x">0008-4042</subfield>
  </datafield>
  <datafield tag="856" ind1="4" ind2=" ">
    <subfield code="s">371478</subfield>
    <subfield code="u">http://zaguan.unizar.es/record/99793/files/texto_completo.pdf</subfield>
    <subfield code="y">Postprint</subfield>
  </datafield>
  <datafield tag="856" ind1="4" ind2=" ">
    <subfield code="s">672983</subfield>
    <subfield code="u">http://zaguan.unizar.es/record/99793/files/texto_completo.jpg?subformat=icon</subfield>
    <subfield code="x">icon</subfield>
    <subfield code="y">Postprint</subfield>
  </datafield>
  <datafield tag="909" ind1="C" ind2="O">
    <subfield code="o">oai:zaguan.unizar.es:99793</subfield>
    <subfield code="p">articulos</subfield>
    <subfield code="p">driver</subfield>
  </datafield>
  <datafield tag="951" ind1=" " ind2=" ">
    <subfield code="a">2023-05-18-13:57:00</subfield>
  </datafield>
  <datafield tag="980" ind1=" " ind2=" ">
    <subfield code="a">ARTICLE</subfield>
  </datafield>
</record>
</collection>